000 00802nam a2200229Ia 4500
003 OSt
005 20220925182909.0
006 a|||||r|||| 00| 0
007 ta
008 220923b |||||||| |||| 00| 0 eng d
037 _cGeneral Book
040 _aRTL
_cRTL
_beng
041 _2eng
_aeng
082 _aX9(J451):9.4498.N9, N3
100 _aAmerasinghe Y R Ed.
_9257419
245 0 _aRecent trends in empolyment and productivity in th
260 _aDelhi
_bAsian Regional Team For Employment Promotion
_c1984
490 _aAsian Regional Team For Employment Promotion, Working Paper. International Labour Organisation
650 _aAgriculture Industry - Tea
_9245402
942 _hX9(J451):9.4498.N9, N3
_cGB
_2CC
999 _c503435
_d503435